| 000 -LEADER | |
|---|---|
| fixed length control field | 00455nam a22001697a 4500 |
| 005 - DATE AND TIME OF LATEST TRANSACTION | |
| control field | 20240108113237.0 |
| 008 - FIXED-LENGTH DATA ELEMENTS--GENERAL INFORMATION | |
| fixed length control field | 220210b ||||| |||| 00| 0 eng d |
| 020 ## - INTERNATIONAL STANDARD BOOK NUMBER | |
| ISBN | 978-93-5164-195-7 |
| 041 ## - LANGUAGE CODE | |
| Language code of text/sound track or separate title | eng |
| 082 ## - DEWEY DECIMAL CLASSIFICATION NUMBER | |
| Classification number | 610 |
| 100 ## - MAIN ENTRY--AUTHOR NAME | |
| Personal name | TATIYA, DR.A.U, GOKHALE S.B , SURANA Dr. SJ AND GOKHALE Dr. ALPANA |
| 245 ## - TITLE STATEMENT | |
| Title | HERBAL COSMECEUTICALS- I |
| 260 ## - PUBLICATION, DISTRIBUTION, ETC. (IMPRINT) | |
| Place of publication | PUNE |
| Name of publisher | NIRALI PRAKASHAN |
| 300 ## - PHYSICAL DESCRIPTION | |
| Number of Pages | 1.8;p |
| 650 ## - SUBJECT ADDED ENTRY--TOPICAL TERM | |
| Topical Term | PHARMACY |
| General subdivision | B.PHARMA |
| 942 ## - ADDED ENTRY ELEMENTS (KOHA) | |
| Koha item type | Books |
| Lost status | Damaged status | Collection code | Home library | Current library | Shelving location | Date acquired | Source of acquisition | Cost, normal purchase price | Full call number | Accession Number | Koha item type |
|---|---|---|---|---|---|---|---|---|---|---|---|
| Reference | JRU Library | JRU Library | SHELF-3-D | 10/02/2022 | PURCHASE | 140.00 | 610 | 26148 | Books | ||
| PHARMACY | JRU Library | JRU Library | SHELF - 18 - I | 10/02/2022 | PURCHASE | 140.00 | 610 | 26149 | Books | ||
| PHARMACY | JRU Library | JRU Library | SHELF - 18 - I | 10/02/2022 | PURCHASE | 140.00 | 610 | 26150 | Books |